Statistics for Arizona Diamondbacks Trivia

Click here to take the quiz!

General Stats

  • This quiz has been taken 156 times
  • The average score is 8 of 10

Answer Stats

HintAnswer% Correct
A diamondback is a type of ...Rattlesnake
97%
Team who the Diamondbacks beat in the 2001 World SeriesNew York Yankees
96%
Ace pitchers from the 2001 squadRandy Johnson
94%
Name of the Spring Training league which takes place in Arizona{Cactus} League
85%
First baseman from 2011–2018 who was a 6-time All StarPaul Goldschmidt
82%
Player with the game-winning hit in game 7Luis Gonzalez
81%
Relief pitcher for the opposing team who lost the game – his only loss in
96 postseason appearances
Mariano Rivera
81%
Ace pitchers from the 2001 squadCurt Schilling
78%
Stadium of the Diamondbacks{Chase} Field
66%
Speedster who stole 72 bases in 1999, a team recordTony Womack
33%

Score Distribution

Percentile by Number Answered

Percent of People with Each Score

Your Score History

You have not taken this quiz